| 000 | 00510nam a2200205Ia 4500 | ||
|---|---|---|---|
| 003 | OSt | ||
| 005 | 20221005131559.0 | ||
| 006 | a|||||r|||| 00| 0 | ||
| 007 | ta | ||
| 008 | 221004b |||||||| |||| 00| 0 guj d | ||
| 024 | _a46031 | ||
| 037 | _cTextual | ||
| 040 |
_aCRL _cCRL _bguj |
||
| 041 |
_2guj _aguj |
||
| 082 | _aO15,1:g, 156M2 | ||
| 245 | 0 | _aSri salibhadra mahakavyam | |
| 650 |
_aSANSKRIT POETRY _9155567 |
||
| 942 |
_hO15,1:g, 156M2 _cTEXL _2cc |
||
| 999 |
_c1060783 _d1060783 |
||